|
|
|
|
| LEADER |
01425nam a2200373 a 4500 |
| 001 |
EBC786887 |
| 003 |
MiAaPQ |
| 005 |
20200520144314.0 |
| 006 |
m o d | |
| 007 |
cr cn||||||||| |
| 008 |
111212s2011 sz ad sb 000 0 spa d |
| 020 |
|
|
|z 9789290149828
|
| 020 |
|
|
|z 9789290149835 (e-book)
|
| 035 |
|
|
|a (MiAaPQ)EBC786887
|
| 035 |
|
|
|a (Au-PeEL)EBL786887
|
| 035 |
|
|
|a (CaPaEBR)ebr10512138
|
| 035 |
|
|
|a (OCoLC)757261164
|
| 040 |
|
|
|a MiAaPQ
|c MiAaPQ
|d MiAaPQ
|
| 043 |
|
|
|a e-sp---
|
| 050 |
|
4 |
|a HD5807
|b .E87 2011
|
| 245 |
0 |
0 |
|a Espana
|h [electronic resource] :
|b empleos de calidad para una nueva economia.
|
| 250 |
|
|
|a 1. ed.
|
| 260 |
|
|
|a [Geneva] :
|b Organizacion Internacional del Trabajo, Instituto Internacional de Estudios Laborales,
|c 2011.
|
| 300 |
|
|
|a xii, 162 p. :
|b col. ill.
|
| 490 |
0 |
|
|a Estudios sobre el crecimiento con equidad
|
| 504 |
|
|
|a Includes bibliographical references.
|
| 533 |
|
|
|a Electronic reproduction. Ann Arbor, MI : ProQuest, 2015. Available via World Wide Web. Access may be limited to ProQuest affiliated libraries.
|
| 650 |
|
0 |
|a Labor market
|z Spain.
|
| 651 |
|
0 |
|a Spain
|x Economic conditions.
|
| 655 |
|
4 |
|a Electronic books.
|
| 710 |
2 |
|
|a International Labour Organisation.
|
| 710 |
2 |
|
|a International Institute for Labour Studies.
|
| 710 |
2 |
|
|a ProQuest (Firm)
|
| 856 |
4 |
0 |
|u https://ebookcentral.proquest.com/lib/matrademy/detail.action?docID=786887
|z Click to View
|